000 03416cam a22005054i 4500
003 PE-LiUPU
005 20250731173410.0
008 150706s2010 alu r 000 0 d
020 _a9780311043804
035 _a(Sirsi) i9780311043804
040 _aPE-LiUPU
_bspa
_cPE-LiUPU
_erda
041 1 _aspa
_heng
049 _aPRUA
082 0 4 _a220.071
_bK61
_221
100 1 _aKlein, William W.,
_eautor.
245 1 0 _aManual para el estudio bíblico personal /
_cWilliam W. Klein.
264 1 _aAlabama :
_bMundo Hispano,
_c2010.
300 _a412 páginas ;
_c22 centímetros
336 _atext
_2rdacontent
337 _aunmediated
_2rdamedia
338 _avolume
_2rdacarrier
526 _aSEG42
526 _aSEG41
526 _aSEG40
526 _aSEG39
526 _aP94
526 _aP87
526 _aP86
526 _aP85
526 _aP77
526 _aP76
526 _aP35
534 _aTitulo original: Handbook for Personal Biblie Study.
505 0 _aCómo nos llegó la Biblia -- La naturaleza de la Biblia -- El canon de la biblia -- La escritura en el mundo antiguo -- Manuscritos bíblicos: comprendiendo la crítica textual -- El propósito de la crítica textual -- Traducción de la Biblia -- Preparación para estudiar la Biblia: su historia y su mundo -- El mundo del Antiguo Testamento -- El período intertestamentario -- El mundo del Nuevo Testamento -- Los fundamentos del estudio bíblico -- Conozca su meta -- Conózcase a sí mismo -- Pasos básicos en el estudio Bíblico -- El papel del Espíritu Santo -- Dirección y guía del Espíritu Santo -- La disciplina espiritual de la alimentación bíblica -- Escuchar la Palabra -- Leer la Palabra -- Estudiar la Palabra -- Memorizar la Palabra -- Meditar en la Palabra -- Contemplar la Palabra -- Interpretación de la Biblia -- Breve historia del al interpretación bíblica -- Principios generales de interpretación -- Principios especiales de interpretación: géneros -- Métodos de estudio bíblico -- Métodos básicos de estudio bíblico -- Recursos y ayudas para el estudio de la Biblia -- Introducciones y estudios panorámicos a la Biblia -- Recursos para el estudio del trasfondo histórico y cultural -- Concordancia y léxicos -- Diccionarios teológicos y enciclopedias -- Ayudas sobre la gramática -- Recursos para el estudio de los idiomas originales -- Instrumentos y recursos electrónicos -- Usos de la Biblia -- Crecimiento espiritual -- Adoración -- Liturgia -- Teología -- Ministerio de la Palabra -- Cuidado pastoral y aconsejamiento -- Toda una vida de estudio bíblico -- La necesidad del estudio bíblico -- Considerando el régimen -- Una última palabra.
541 _g0010000547;
630 _aBiblia
_xEstudio y enseñanza.
630 _aBiblia
_xCrítica, interpretación, etc.
700 1 _aMorales, Edgar,
_etraductor.
910 _agl
_bjv
_clch
_d20111030
942 _2ddc
_cBOOK
949 _a220.071 K61
_wDEWEY
_c1
_i63905
_lCCODEBUL1
_mBUL
_p23.00
_r0
_sY
_tBOOK
_u2015-7-6
_xTEOLOGIA
_PP35
_o.STAFF. Colección General
994 _aC0
_bPEPRU
596 _a1
999 _a220.071 K61
_wDEWEY
_c52768
_i63905
_d52768
_e2019-5-30
_f2021-11-9
_g5
_lCCODEBUL1
_mBUL
_n21
_p23.00
_q8
_r0
_sY
_tBOOK
_u2015-7-6
_xTEOLOGIA
_PP35
_0COMPRA
_o.STAFF. Colección Teología
980 _81
_gALBERTO SANCHEZ Responsable de Automatización